00597nam a2200193Ia 450000500170000000800410001702000150005808200160007310000210008924500780011026000480018830000120023665000120024865000130026065000130027394200060028695200980029299900130039020240726030934.0240331s9999 xx 000 0 und d a9559539418 a294.34bWIT aWitanachchi, L.K 0aCustoms and rituals of sinhala BuddhistscLalitha Karalliadde Witanachchi aDehiawalabSridevi Printers (Pvt) Ltdc1999 a64 p ., aRituals aReligion aBuddhist cL 001040708LaWERCLbWERCLcSSCd2024-03-31l0o 294.34 WITp4108r2024-03-31w2024-03-31yL c930d930